[Event "Aarhus Festuge GM 2018"]
[Site "Aarhus"]
[Date "2018.09.10"]
[Round "3"]
[White "Chatalbashev, Boris"]
[Black "Olsen, Filip Boe"]
[Result "1/2-1/2"]
[WhiteElo "2546"]
[BlackElo "2354"]
[Annotator "TA"]
[PlyCount "109"]
[EventDate "2018.09.08"]
[EventType "tourn"]
[EventCountry "DEN"]
[SourceTitle "playchess.com"]
[Source "ChessBase"]
[SourceQuality "1"]

{[%evp 21,109,0,12,-48,23,19,18,14,18,20,22,-62,-43,-44,-19,-27,-20,-41,-53,-81,-46,-69,-54,-64,-66,-81,-66,-68,-74,-86,-86,-89,0,-88,-92,-86,-80,-82,-87,-89,-70,-101,-88,-88,-88,-83,-86,-163,-162,-172,-162,-271,-125,-126,-102,-31,-20,-193,-28,-43,-24,-57,-56,-140,0,0,3,1,8,0,8,0,0,0,0,0,0,0,0,0,0,0,0,0,0,0,0,0,0,-27]} 1. g3 d5 2. Bg2 Nf6 3. d3 c6 4. Nf3 Bf5 5. O-O e6 6. c4 dxc4 7. dxc4 Qxd1 8. Rxd1 Nbd7 9. Nc3 h6 10. Be3 Be7 {A11: English Opening: 1...c6} 11. Nd4 (11. h3 Bh7 12. Nd4 O-O-O 13. Rac1 Ne5 14. Na4 c5 15. Nb5 Rxd1+ 16. Rxd1 Bc2 17. Nac3 Bxd1 18. Nxd1 Nxc4 {0-1 (54) Hausrath,D (2503)-Zhang,Z (2619) Berlin 2015}) 11... Bg6 {LiveBook: 3 Games} 12. Nb3 (12. h3 $11) 12... Bc2 $146 ({Better is} 12... Ng4 $1 $15 13. Bf4 O-O-O) ({Predecessor:} 12... Ng4 13. Bf4 O-O-O 14. h3 Ngf6 15. Rac1 {1-0 (62) Zaragatski,I (2471)-Claesen,P (2347) Belgium 2013}) 13. Rdc1 $11 Bxb3 14. axb3 Nc5 (14... a6 {feels hotter.} 15. Na4 O-O 16. Rd1 Bb4 17. Rd3 Ne5) 15. Bxc5 Bxc5 16. Na4 ({White should try} 16. Ra4 $11) 16... Be7 17. c5 {Black should prevent Nb6!} O-O (17... Kd7 {seems wilder.} 18. b4 Kc7 19. e3 Rhd8 20. Nc3 a6) 18. b4 Nd5 19. Bxd5 exd5 20. Nc3 Bf6 21. Rd1 Rfe8 22. e3 a6 23. Rd2 Rad8 24. Rad1 g6 25. g4 Ra8 26. Ra1 Rad8 (26... Rab8 $17) 27. Kg2 (27. Rad1 $1 $11) 27... Kg7 $17 28. h3 Re5 29. Rad1 Rde8 30. Kg3 h5 31. Rd3 R5e6 32. gxh5 gxh5 33. Rg1 Kh6 34. Kf3 {[#]} (34. Kg2 $17 {might work better.}) 34... Re4 $1 $19 {[%mdl 512]} 35. Ne2 (35. Nxe4 dxe4+) 35... Rxb4 36. Ng3 (36. b3 $142) 36... Re5 ({Resist} 36... Rxb2 37. Rdd1 $19) (36... Bxb2 $19 37. Nf5+ Kh7) 37. Rd4 $17 Rxb2 38. Rf4 Re6 39. Nf5+ Kh7 {Strongly threatening ...Re4!} 40. Nd6 $1 Bg7 {aiming for ...Rg6.} 41. Rg5 a5 42. Nf5 {[#]} (42. Rxh5+ $15 Kg8 43. Rg5 (43. Rxf7 Rf6+ 44. Rxf6 Bxf6 $15)) 42... Bh6 (42... Bf6 $1 $17 {[%cal Rf6g5]} 43. Rxh5+ Kg8 44. Rg4+ Kf8) 43. Rxh5 $11 {Black must now prevent Rfh4.The position is equal.} Rb4 {...Rxf4+ is the strong threat.} 44. Rg4 Rf6 45. Rg7+ Kh8 $132 {[%mdl 2048] Black is not keeping still} 46. Rg4 Kh7 47. Kg3 Re4 48. f3 Re5 49. e4 dxe4 50. fxe4 Rxc5 51. Rg7+ Kh8 52. Rg4 Kh7 53. Rg7+ Kh8 54. Rg4 Kh7 55. Rgh4 {Precision: White = 53%, Black = 55%.} 1/2-1/2

[Event "Aarhus Festuge GM 2018"]
[Site "Aarhus"]
[Date "2018.09.10"]
[Round "3"]
[White "Antonsen, Mikkel"]
[Black "Gritsak, Orest"]
[Result "0-1"]
[WhiteElo "2434"]
[BlackElo "2450"]
[Annotator "TA"]
[PlyCount "88"]
[EventDate "2018.09.08"]
[EventType "tourn"]
[EventCountry "DEN"]
[SourceTitle "playchess.com"]
[Source "ChessBase"]
[SourceQuality "1"]

{[%evp 9,88,39,57,27,34,22,67,49,41,43,62,42,39,51,50,48,80,47,77,47,59,70,70,62,47,53,74,89,37,0,0,0,10,0,0,-74,-78,-72,-64,-97,-96,-120,-129,-145,-146,-172,-183,-205,-191,-205,-205,-256,-247,-256,-243,-279,-279,-324,-317,-352,-302,-548,-522,-522,-502,-649,-426,-508,-473,-1312,-1311,-1298,-1298,-1293,-1292,-1223,-1221,-1112,-1112,-923,-505]} 1. d4 e6 2. c4 b6 3. e4 Bb7 4. Bd3 Nc6 5. Ne2 Nb4 6. Nbc3 {A40: Unusual replies to 1 d4} Nxd3+ 7. Qxd3 Ne7 8. d5 {White is slightly better.} (8. O-O d6 9. Be3 Qd7 10. d5 Ng6 11. f4 Be7 12. Bd4 e5 13. fxe5 dxe5 {0-1 (49) Matlakov,M (2728)-Andreikin,D (2706) Tbilisi 2017}) 8... Ng6 9. f4 Bc5 10. Bd2 $146 ({Predecessor:} 10. Be3 exd5 11. cxd5 Ba6 12. Qxa6 Bxe3 13. g3 Bc5 {½-½ (43) Szustakowski,A (2235)-Teclaf,P (2373) Suwalki 2017}) 10... Qh4+ 11. g3 Qh3 12. O-O-O O-O-O 13. Kb1 f5 14. e5 d6 15. exd6 Bxd6 16. Nd4 exd5 17. cxd5 Ne7 18. Ne6 Rd7 19. Qd4 Nxd5 20. Nxd5 {[#] And now Bc3 would win.} Bc5 $1 {[%cal Rc5d4]} 21. Nxc5 bxc5 22. Qa4 (22. Ne7+ $11 {remains equal.} Rxe7 23. Qxc5 Be4+ 24. Ka1) 22... Bxd5 $17 23. Rhe1 {[#]} Rhd8 $1 24. Rc1 Qxh2 25. Bc3 Qxg3 26. Be5 c4 27. Ka1 Qf2 28. Red1 Qb6 {White must now prevent ...Bc6.} 29. Qa3 a6 30. Qh3 g6 31. Qc3 Be6 32. Rxd7 Rxd7 ({Resist} 32... Bxd7 33. Qxc4 Bc6 34. Qe6+ Kb7 35. Qe7 $17) 33. Qa3 Kb7 34. Re1 Bd5 35. Qf8 $2 (35. Qa4 {might work better.} Qb5 36. Qa3) 35... Be4 $19 {Black is clearly winning.} 36. Rc1 Qb5 37. Qe8 Bc6 38. Qf8 Qa4 {Threatens to win with ...Rd1.} 39. a3 (39. Qa3 $142 Rd1 40. Qc3) 39... Rd1 40. Rxd1 Qxd1+ 41. Ka2 Qb3+ 42. Ka1 Bd5 43. Qb4+ Qxb4 44. axb4 Be4 {Precision: White = 43%, Black = 80%.} 0-1

[Event "Aarhus Festuge GM 2018"]
[Site "Aarhus"]
[Date "2018.09.10"]
[Round "3"]
[White "Skytte, Rasmus"]
[Black "Grove, Peter"]
[Result "1/2-1/2"]
[WhiteElo "2372"]
[BlackElo "2206"]
[Annotator "TA"]
[PlyCount "82"]
[EventDate "2018.09.08"]
[EventType "tourn"]
[EventCountry "DEN"]
[SourceTitle "playchess.com"]
[Source "ChessBase"]
[SourceQuality "1"]

{[%evp 14,82,-35,-30,-51,-65,-78,-75,-62,-72,-82,-75,-59,-54,-39,-87,-48,-87,-18,-28,0,0,0,0,0,0,27,19,1,0,0,0,67,85,75,93,85,81,159,155,162,153,157,152,166,157,164,164,165,157,133,124,124,0,139,0,122,122,115,115,115,39,53,0,111,101,114,114,102,108,241]} 1. d4 Nf6 2. Bg5 c5 3. d5 Ne4 4. Bf4 Qb6 5. Nd2 Qxb2 6. Nxe4 Qb4+ 7. Qd2 Qxe4 8. e3 Qa4 $146 {A45: Trompowsky Attack} ({Predecessor:} 8... d6 9. Rb1 Nd7 10. Nf3 Qg6 11. h4 h6 12. h5 Qf6 13. Bc4 g5 14. hxg6 fxg6 15. e4 g5 16. Bg3 {1-0 (49) Alarcon Casellas,R (2378)-Aroshidze,L (2565) Sitges 2014}) 9. Be5 d6 10. Bb2 Bf5 {Black is better.} 11. Bd3 Bxd3 12. cxd3 Nd7 13. Ne2 Nf6 14. O-O Qd7 15. d4 cxd4 (15... Nxd5 $17 16. dxc5 dxc5) 16. Bxd4 $11 g6 17. Bxf6 exf6 18. Rab1 Bg7 19. Qb4 O-O 20. Qxb7 Qa4 21. Nc3 Qa5 $1 {[%cal Ra5c3]} 22. Ne4 f5 (22... Rad8 $11) 23. Nxd6 $14 Rad8 24. Qc6 $36 {[%mdl 2048] Strongly threatening Nb7. White is on the roll.} Qxa2 25. Rb7 Be5 {[#]} (25... Bb2 $142) 26. Nxf7 $1 $16 Rxf7 27. Rxf7 Kxf7 28. Qe6+ $1 Kf8 29. Qxe5 Qxd5 $18 {[%mdl 4096] Endgame KQR-KQR} 30. Qh8+ Qg8 31. Qf6+ Ke8 32. Qc6+ Kf8 33. Qf6+ Ke8 34. Qc6+ Kf8 35. Qc5+ Kg7 36. Qe7+ Kh6 37. Qh4+ ({Better is} 37. h3 $16 {Hoping for Ra1.} Qd5 38. Qxa7) 37... Kg7 $14 38. Qe7+ (38. Ra1 $14 Qa2 39. Qe7+ (39. Rxa2 $2 {is a self mate.} Rd1#) 39... Kh6 40. Qh4+ (40. Rxa2 $2 Rd1#) 40... Kg7 41. Qe7+ (41. Rxa2 $2 {leads to mate.} Rd1#) 41... Kh6 42. Qh4+ (42. Rxa2 $2 Rd1#) 42... Kg7) 38... Kh6 $16 39. Qxa7 {White is better.} Qd5 40. h4 Qe4 41. Qc7 Qxh4 {Precision: White = 61%, Black = 58%.} (41... Rd3 $16) 1/2-1/2

[Event "Aarhus Festuge GM 2018"]
[Site "Aarhus"]
[Date "2018.09.10"]
[Round "3"]
[White "Pajeken, Jakob Leon"]
[Black "Kotronias, Vasilios"]
[Result "0-1"]
[WhiteElo "2337"]
[BlackElo "2505"]
[Annotator "TA"]
[PlyCount "66"]
[EventDate "2018.09.08"]
[EventType "tourn"]
[EventCountry "DEN"]
[SourceTitle "playchess.com"]
[Source "ChessBase"]
[SourceQuality "1"]

{[%evp 10,66,19,9,45,48,49,35,31,16,35,-1,24,12,17,-20,-14,-23,-21,-35,-33,-43,-33,-39,-38,-52,-62,-93,0,0,0,-116,-119,-116,-109,-122,-94,-96,-101,-160,-102,-192,-149,-347,-328,-845,-774,-1230,-1029,-29982,-1071,-29989,-1256,-29993,-29986,-29981,-1295,-1220,-1252]} 1. d4 Nf6 2. Nc3 d5 3. Bf4 g6 (3... c5 4. e3 cxd4 5. exd4 a6 6. Bd3 Nc6 7. Nge2 Bg4 8. f3 Bh5 9. h4 Bg6 10. g4 e6 11. h5 Bxd3 12. Qxd3 h6 13. O-O-O {0-1 (50) Jobava,B (2646)-Nisipeanu,L (2657) Spilimbergo 2018}) 4. Qd2 c6 5. f3 b5 {[%cal Bb7b5,Bb5b4][%mdl 32]} 6. a3 {[%cal Ba2a3,Ba3a4][%mdl 32] LiveBook: 5 Games. D00: 1 d4 d5: Unusual lines} Nbd7 7. e4 {[%cal Be2e4,Be4e5][%mdl 32]} Nb6 8. e5 {White is slightly better.} Nh5 $146 ({Predecessor:} 8... Ng8 9. h4 h5 10. Bd3 Nh6 11. Nh3 Nc4 12. Qe2 Nf5 13. Bxf5 Bxf5 14. g4 Bc8 15. Ng5 e6 16. Nd1 a5 17. Rg1 Ba6 18. gxh5 {1-0 (18) Sean,W (2148)-Vishnu,P (2484) Kuala Lumpur 2012}) 9. Be3 a5 10. a4 b4 11. Nd1 f6 12. exf6 exf6 {[%cal Be7f6,Bf6f5][%mdl 32]} 13. b3 Bd6 14. g4 Ng7 15. Nf2 f5 16. O-O-O O-O {White must now prevent ...f4.} 17. Bg5 Qc7 18. Ne2 c5 (18... Rb8 $17 19. Bh3 fxg4 20. Bxg4 h5 21. Bxc8 Rbxc8) 19. dxc5 $11 Bxc5 20. Nd4 (20. Nd3 $11) 20... Bxd4 $1 $17 21. Qxd4 {Strongly threatening Be3.} Ne6 $1 {[%csl LRd4,LRg5]} 22. Qd2 Nxg5 23. Qxg5 Qc3 {Threatens to win with ...Nc4!} 24. Rd3 ({Better is} 24. Bd3) 24... Qa1+ $40 {[%mdl 128] White is in trouble.} 25. Kd2 Ba6 $1 ({But not} 25... Re8 26. Bh3 $17) 26. Bh3 $2 (26. Be2 $17 {was forced.} Qg7 27. Qe3 Bxd3 28. Bxd3) 26... Qg7 27. Re3 $2 (27. gxf5 Bxd3 28. Nxd3 Nc4+ 29. bxc4 Qc3+ 30. Kd1 dxc4 31. fxg6 cxd3 32. Be6+ Kh8 33. g7+ Qxg7 34. Qxg7+ Kxg7 35. cxd3) 27... Qd4+ $19 28. Nd3 f4 29. Re6 Bxd3 (29... Qc3+ $142 30. Kd1 Bxd3 31. Qe5 Qxc2+ 32. Ke1 Qc1+ 33. Kf2 Qd2+ 34. Qe2 Bxe2 35. Rxe2 Qd3 36. Rc1 Qxb3 37. Rcc2 Nxa4 38. Kg2 Nc3 39. Rb2 Qc4 40. Re1 Rfe8 41. Ra1 Re2+ 42. Rxe2 Qxe2+ 43. Kg1 Nd1 44. Rxd1 Qxd1+ 45. Bf1 Qd2 46. Bh3 Re8 47. g5 Re1+ 48. Bf1 Qe2 49. h4 Rxf1#) 30. cxd3 Qc3+ (30... Qb2+ $142 31. Ke1 Rac8 32. Re2 Rfe8 33. Bf1 Rc1+ 34. Kf2 {[#]} Rxf1+ $1 {[%mdl 512]} 35. Kxf1 Qxe2+ 36. Kg1 Qe1+ 37. Kg2 Re2+ 38. Kh3 Rxh2+ $1 {[%mdl 512]} 39. Rxh2 Qg3#) 31. Kd1 Qxd3+ 32. Ke1 Rae8 (32... Rac8 $142 33. Re2 Rfe8 34. Bf1 Rxe2+ 35. Bxe2 Rc1+ 36. Kf2 Qe3+ 37. Kg2 Qxe2+ 38. Kh3 Qxf3+ 39. Kh4 Qf2+ 40. Kh3 Rc3#) 33. Qe5 Qc3+ {Precision: White = 36%, Black = 51%.} 0-1

[Event "Aarhus Festuge GM 2018"]
[Site "Aarhus"]
[Date "2018.09.10"]
[Round "3"]
[White "Matthiesen, Martin"]
[Black "Zumsande, Martin"]
[Result "0-1"]
[WhiteElo "2275"]
[BlackElo "2458"]
[Annotator "TA"]
[PlyCount "100"]
[EventDate "2018.09.08"]
[EventType "tourn"]
[EventCountry "DEN"]
[SourceTitle "playchess.com"]
[Source "ChessBase"]
[SourceQuality "1"]

{[%evp 13,100,6,22,0,2,-6,9,-9,-8,-12,0,-20,2,0,4,3,7,-14,-22,-17,0,-42,-10,-15,-15,-7,0,-20,-21,-31,4,0,0,0,0,-56,0,0,0,-40,-30,-142,-58,-60,-60,-72,0,0,0,-6,-6,-52,-54,-53,-53,-50,-41,-56,-30,-46,-25,-71,-53,-58,-58,-63,-58,-206,-57,-170,-170,-172,-167,-175,-168,-339,-372,-376,-399,-388,-331,-1661,-1657,-1634,-1670,-1661,-1665,-29981,-29982]} 1. d4 e6 2. c4 d5 3. Nc3 Be7 4. cxd5 exd5 5. Bf4 Nf6 6. e3 Bf5 7. Nge2 {D35: Queen's Gambit Declined: Exchange Variation} O-O {LiveBook: 106 Games} 8. h3 (8. Ng3 Be6 9. Bd3 c5 10. dxc5 Bxc5 11. O-O Nc6 12. a3 d4 13. Na4 Be7 14. e4 Nd7 15. Nf5 Nde5 16. Nxe7+ Qxe7 {0-1 (55) Nakamura,H (2780)-Topalov,V (2749) Saint Louis 2017}) 8... Bg6 $146 ({Predecessor:} 8... c5 9. Ng3 Be6 10. dxc5 Bxc5 11. Be2 Nc6 12. O-O d4 13. exd4 Nxd4 {½-½ (13) De Jong,J (2445)-Maki Uuro,M (2399) Kemer 2007}) 9. g4 {The position is equal.} Na6 {Hoping for ...Nb4.} 10. Bg2 c6 11. O-O Re8 12. Bh2 Bd6 13. Bxd6 Qxd6 14. Nf4 Nc7 15. Rc1 Ne6 16. Nxg6 hxg6 17. f4 Nc7 18. g5 Nh5 19. Qf3 Re7 20. Rce1 Rae8 21. Re2 f5 22. Rd1 Qb4 23. Bf1 Ne6 24. Kh1 {[#]} ({Better is} 24. Qf2 $11) 24... Nd8 (24... Nhxf4 $1 $15 {[%mdl 512]} 25. exf4 Nxd4 26. Rxe7 Nxf3 27. Rxe8+ Kf7) 25. Rd3 Nf7 26. Red2 Nd6 27. Rc2 (27. Qf2 $11) 27... Ne4 (27... Nc4 $1 $17 {[%cal Rc4e3]} 28. Re2 Nxb2 29. Nxd5 Nxd3 30. Nxb4 Nxb4) 28. Kh2 Nhg3 29. Bg2 Qc4 (29... Nxc3 $17 30. Rcxc3 Ne4) 30. Qd1 $11 {Black must now prevent Nxe4.} Qa6 31. Nxe4 Nxe4 32. Rb3 Nd6 $36 {[%mdl 2048] White is under pressure.} 33. Bf1 Qa5 34. Qc1 Re6 35. Kg2 R8e7 36. Ra3 Qd8 37. Rcc3 a6 38. Rab3 Qe8 39. Ra3 Kf7 40. Rcb3 ({White should try} 40. Kf3 $15) 40... Qh8 (40... b5 $1 $19 41. Rxa6 Nc4 42. Bxc4 dxc4) 41. Qe1 {[#]} (41. Rc3 $1 $15) 41... Nc4 $1 $19 42. Bxc4 dxc4 43. Rc3 Qd8 44. Qc1 $2 {[#]} (44. Rc2) 44... b5 $1 {[%cal Rb5b4]} 45. b4 {[#]} c5 $1 {[%mdl 512]} 46. dxc5 (46. bxc5 b4) 46... Rd7 {Threatens to win with ...Rd1.} 47. Qf1 $2 (47. Kg3 Rd1 48. Qb2) 47... Rd1 48. Qf3 Qd2+ 49. Qf2 Qd5+ 50. Kg3 Qh1 {Precision: White = 26%, Black = 52%.} 0-1

[Event "Aarhus Festuge GM 2018"]
[Site "Aarhus"]
[Date "2018.09.11"]
[Round "4"]
[White "Kotronias, Vasilios"]
[Black "Olsen, Filip Boe"]
[Result "1-0"]
[WhiteElo "2505"]
[BlackElo "2354"]
[Annotator "TA"]
[PlyCount "129"]
[EventDate "2018.09.08"]
[EventType "tourn"]
[EventCountry "DEN"]
[SourceTitle "playchess.com"]
[Source "ChessBase"]
[SourceQuality "1"]

{[%evp 22,129,29,16,19,22,14,11,14,6,27,0,31,19,37,34,44,10,23,12,14,0,19,-39,-50,-47,-31,-45,-34,-31,0,0,35,0,0,-16,0,-6,196,205,210,204,208,207,203,198,191,190,188,188,188,181,181,181,188,164,214,213,211,184,289,263,513,506,792,777,683,416,416,416,576,555,561,416,570,570,570,506,666,452,1847,1709,1297,1218,1208,1193,12825,12826,12818,6201,4125,796,4132,4125,4721,12793,29974,29973,29977,12813,12819,12818,29988,29979,29979,12808,29980,29981,29984,29985]} 1. e4 c6 2. d4 d5 3. exd5 cxd5 4. Bd3 Nc6 5. c3 Nf6 6. Bf4 Bg4 7. Qb3 Qd7 8. Nd2 e6 9. Ngf3 Bd6 10. Bxd6 Qxd6 11. O-O {B13: Caro-Kann: Exchange Variation and Panov-Botvinnik Attack} (11. Qxb7 Rb8 12. Qa6 O-O 13. Bb5 Rb6 14. Qa4 Ne7 15. Ne5 Ng6 16. Nxg4 Nxg4 17. h3 Nf6 18. Nb3 e5 {0-1 (35) Aronian,L (2767)-Caruana,F (2822) Saint Louis 2018}) 11... O-O 12. Rae1 {LiveBook: 10 Games} Ne7 13. Ne5 $146 {The position is equal.} ({Predecessor:} 13. Nh4 Qf4 14. Qc2 Qh6 15. Nhf3 Ng6 16. h3 Bxh3 17. gxh3 Nf4 18. h4 Qh5 19. Nh2 Ng4 20. Ndf3 f5 21. Qd2 Nxh2 22. Kxh2 Qxf3 {0-1 (22) Di Trapani,D (2018)-Patuzzo,F (2241) Lugano 2011}) 13... Bf5 14. Bxf5 Nxf5 15. g4 Ne7 16. f4 Rab8 (16... b5 $5) 17. Qb5 a6 18. Qd3 b5 19. a3 a5 20. f5 exf5 21. gxf5 b4 22. cxb4 ({Better is} 22. axb4 $11 axb4 23. c4) 22... axb4 $15 23. a4 Ra8 24. Re2 {[%cal Be1e2,Be2g2,Bg2f2,Bf2f7][%mdl 32]} Rxa4 25. Rg2 Ra7 (25... Kh8 $15) 26. Qg3 $14 {[%csl Gg2][%cal Rg3g7]} g6 27. fxg6 fxg6 28. Rgf2 Raa8 29. Qg5 $40 {[%cal Rf2f6][%mdl 128] White mounts an attack.} Ne4 $2 (29... Kg7 $1 $11 {and Black stays safe.}) 30. Nxe4 $18 dxe4 {[#]} 31. Nf7 $1 {[%cal Rf7d6]} Qe6 {Threatening ...Nd5.} 32. Nh6+ Kg7 {[#]} 33. Rf7+ $1 ({Not} 33. Nf7 Ng8 $14) 33... Rxf7 34. Rxf7+ Qxf7 35. Nxf7 Kxf7 {[%mdl 4096] Endgame KQ-KRN} 36. Qf4+ Nf5 37. Qxe4 Rd8 38. Qb7+ Kf6 39. Qxb4 Rxd4 40. Qc3 Kg5 (40... Ke5 {was called for.} 41. Qc7+ Ke6 42. Qxh7 Kf6) 41. b4 Rg4+ $2 (41... Rd1+ 42. Kf2 Rb1) 42. Kh1 Nd4 (42... Re4 $142 43. b5 Re6 44. Qd2+ Kh5) 43. Qc5+ Kh6 44. Qf8+ Kg5 45. Qd8+ Kh5 46. h3 Rf4 47. Qc7 Kg5 48. Qe5+ Nf5 49. Qc5 Kh4 50. Kg2 Nd4 (50... Kg5 $142 51. Qc1 Nd6) 51. Qe7+ Kh5 52. Qxh7+ Kg5 53. Qe7+ Kh5 54. Qe5+ g5 55. Qg7 (55. b5 $142 Nf5 56. Qe8+ Kh6 57. b6 Nh4+ 58. Kh2 Rf2+ 59. Kg1 Rg2+ 60. Kf1) 55... Nf5 56. Qh7+ Nh6 57. b5 {[%cal Bb4b5,Bb5b6,Bb6b7][%mdl 32]} Rf7 58. Qh8 Rb7 59. Qc8 Rb6 60. Qc5 (60. Qe8+ $142 Kh4 61. Qe3 Rg6 62. b6 Rg8 63. Qg3+ Kh5 64. b7 Kg6 65. Qd6+ Kg7 66. b8=Q Rxb8 67. Qxb8) 60... Rb8 61. b6 Nf5 62. Qc7 Rf8 63. Qh7+ Nh6 64. b7 Re8 65. Qc7 {Precision: White = 70%, Black = 45%.} 1-0

[Event "Aarhus Festuge GM 2018"]
[Site "Aarhus"]
[Date "2018.09.11"]
[Round "4"]
[White "Zumsande, Martin"]
[Black "Chatalbashev, Boris"]
[Result "1-0"]
[WhiteElo "2458"]
[BlackElo "2546"]
[Annotator "TA"]
[PlyCount "83"]
[EventDate "2018.09.08"]
[EventType "tourn"]
[EventCountry "DEN"]
[SourceTitle "playchess.com"]
[Source "ChessBase"]
[SourceQuality "1"]

{[%evp 20,83,53,58,55,-34,-27,-40,-27,8,0,0,101,110,230,241,223,208,212,215,216,210,263,252,218,225,345,342,356,342,331,339,803,511,1193,1152,1127,1145,1195,1199,925,886,2060,1920,5389,1962,1722,820,829,791,29975,29973,12834,1856,1451,1148,29983,29971,29990,5197,2952,2861,1681,883,748,682]} 1. e4 {[%cal Be2e4,Be4e5][%mdl 32]} g6 2. d4 Bg7 3. Nc3 d6 4. f4 Nf6 5. Nf3 O-O 6. e5 Nfd7 7. Bc4 Nb6 8. Bb3 Nc6 9. a4 {B09: Pirc Defence: Austrian Attack} (9. O-O Na5 10. Qe2 d5 11. h3 e6 12. Nd1 Qe7 13. Ne3 a6 14. a4 Nbc4 15. Bxc4 Nxc4 16. Ng4 b5 17. b3 Na5 18. f5 exf5 19. Bg5 Qe6 20. Nf6+ Kh8 21. Qe1 {1-0 (21) Efimenko,Z (2632)-Chatalbashev,B (2561) Wunsiedel 2018}) 9... Na5 10. Ba2 dxe5 11. fxe5 {LiveBook: 3 Games. White is slightly better.} c5 12. d5 $146 (12. dxc5 $14 Qxd1+ 13. Nxd1) ({Predecessor:} 12. dxc5 Qxd1+ 13. Nxd1 Nbc4 14. Bf4 Bg4 15. b4 Bxf3 16. gxf3 Nxe5 17. bxa5 Nxf3+ {1-0 (55) Schroeder,M (2440)-Ohtake,S (2441) ICCF email 2014}) 12... Bg4 $1 $15 13. Bf4 Nd7 14. Qe2 Bxf3 15. gxf3 Qb8 {[#]} (15... Qb6 $11) 16. O-O-O $1 $16 Nxe5 (16... Bxe5 $6 17. Bxe5 Qxe5 18. Qxe5 $11) (16... a6 $16) 17. Bg3 $18 c4 18. Rhe1 f6 19. f4 Nf7 20. f5 ({Much less strong is} 20. Qxe7 $6 Qd6) 20... Ne5 21. fxg6 hxg6 22. Qg2 Qd6 (22... Qe8 $142 23. Bxe5 fxe5) 23. Bxe5 fxe5 24. Ne4 Qd7 25. d6 ({Less strong is} 25. Qxg6 Qf5 $16) 25... Qxa4 $2 (25... Rf4 26. Rg1 (26. Qxg6 exd6 27. Rg1 Raf8 $18) 26... Qe6) 26. Kb1 exd6 (26... Qd7 $142 27. Rg1 b5 28. Qxg6 Rf7) 27. Rxd6 Rad8 28. Rxg6 Qd7 {[#]} 29. Bxc4+ $1 {[%mdl 512]} Nxc4 30. Rg1 {[%cal Rg6g7]} Rf7 31. Nf6+ $1 Kf8 32. Nxd7+ Rdxd7 33. Qg3 (33. Qh3 $142) 33... Nd2+ 34. Kc1 Nc4 35. Qh4 Rd4 36. Qg5 (36. Qh3 $142 Nd6 {[#]} 37. Rxg7 $1 {[%mdl 512]}) 36... Rdd7 37. h4 {[%cal Bh2h4,Bh4h5][%mdl 32]} b6 38. h5 e4 39. c3 (39. h6 $142 Bxb2+ 40. Kb1 Bf6 41. Rxf6 Na3+ 42. Ka2 Nxc2 43. Re6 Nb4+ 44. Kb1 Rd1+ 45. Rxd1 Rh7 46. Qf6+ Rf7 47. Qh8#) 39... Ne5 {White is clearly winning.} 40. h6 Nxg6 41. hxg7+ Rxg7 42. Qf6+ {Precision: White = 72%, Black = 30%.} 1-0

[Event "Aarhus Festuge GM 2018"]
[Site "Aarhus"]
[Date "2018.09.11"]
[Round "4"]
[White "Gritsak, Orest"]
[Black "Skytte, Rasmus"]
[Result "1-0"]
[WhiteElo "2450"]
[BlackElo "2372"]
[Annotator "TA"]
[PlyCount "51"]
[EventDate "2018.09.08"]
[EventType "tourn"]
[EventCountry "DEN"]
[SourceTitle "playchess.com"]
[Source "ChessBase"]
[SourceQuality "1"]

{[%evp 17,51,73,65,75,95,94,87,87,83,93,97,88,140,124,130,137,133,111,147,147,207,207,207,208,227,232,249,236,373,260,533,499,514,510,542,535]} 1. c4 c6 2. d4 d5 3. cxd5 cxd5 4. Nc3 Nc6 5. Nf3 Nf6 6. Bf4 a6 7. e3 Bg4 8. h3 Bh5 {D13: Damengambit (Slawische Verteidigung, Abtauschvariante)} (8... Bxf3 9. Qxf3 e6 10. Bd3 Be7 11. O-O O-O 12. Rac1 Rc8 13. Rfd1 Nd7 14. Bb1 Nb6 15. e4 Bg5 16. b3 dxe4 17. Qxe4 g6 18. Bxg5 Qxg5 19. d5 exd5 20. Nxd5 Nxd5 21. Qxd5 Qxd5 22. Rxd5 {½-½ (31) Gareyev,T (2590)-Ma,Q (2645) Canberra 2018}) 9. g4 Bg6 {LiveBook: 8 Partien} 10. Qb3 e6 {Weiß steht besser.} 11. Qxb7 Na5 12. Qc7 Qxc7 13. Bxc7 Bb4 14. Ne5 O-O $146 (14... Ne4 $142) ({Vorgänger:} 14... Ne4 15. Rc1 O-O 16. f3 Nxc3 17. bxc3 {1-0 (32) Andrianov,N (2395)-Fedorov,V Moscow 1986}) 15. f3 $16 Rfc8 {[#]} 16. Bxa5 $1 Bxa5 17. Rc1 Bc7 18. h4 {Droht h5 und aus.} h5 (18... h6 $16 {ist wohl besser.}) 19. Nxg6 $18 fxg6 20. g5 Ne8 21. Bd3 Rab8 22. Na4 ({Weniger gut wäre} 22. Bxg6 Rxb2 23. Ne2 (23. Bxh5 Bg3+ 24. Kd1 Nd6 $14) 23... Nd6 $16) (22. Bxa6 $6 Bg3+ 23. Kd1 Rc6 $16) 22... Bg3+ (22... Kf7 $142 23. Kf2 a5) 23. Kd2 Nd6 $2 {[#]} (23... Rxc1 24. Rxc1 (24. Kxc1 Nd6 $18) 24... Kf7) 24. Rxc8+ {Weiß steht klar auf Gewinn.} Rxc8 25. f4 Rf8 26. Nc3 {Precision: Weiß = 97%, Schwarz = 21%.} 1-0